The Khia Asylum - Statistics

General Stats
  • This quiz has been taken 20 times
  • The average score is 6 of 9
Answer Stats
Hint Answer % Correct
She's on the brink of breaking out the asylum. This Swedish singer finally found the limelight again and is flying stateside. Zara Larsson
89%
This Cuban-American singer used to be a big force. But her shift to a Charli XCX-esque sound kind of solidified her residence Camila Cabello
84%
This ex-act finally found her caffeinated breakthrough in 2024, and was released from the Khia Asylum without parole. Sabrina Carpenter
79%
The second Albanian resident, with her unique half short half long hairstyle is known as one of the most prominent Khia's. She's not getting released any time soon. Ava Max
74%
She's one of three Albanian residents, recent attempts to escape have failed. Has moderate hits like In The Name of Love, Hey Mama and I'm Good (Blue) Bebe Rexha
74%
This early 2010's hitmaker has been struggling for over 8 years now, is she a full on Khia? No. But she is a resident. Katy Perry
63%
This actress turned singer is not really a Khia, but she's less succesful as some Khia's. Her floral hit from 3 years ago did boost her career. She's a respected musician. Miley Cyrus
47%
I believe we should rename the Khia Asylum to her, but that would make it a sticky situation... Gracie Abrams
37%
This singer with an alcoholic bevarage as surname is looking to extend her stay following her recent album not performing good enough to let her go. Madison Beer
32%
No matching quizzes found
Score Distribution
Percent of People with Each Score
Percentile by Number Answered
Your Score History
You have not taken this quiz